| 000 | 01429cab a22002415a 4500 | ||
|---|---|---|---|
| 001 | L141945 | ||
| 008 | 080116e20070111xxk f v 000 0 eng d | ||
| 035 | _a(Sirsi) u141945 | ||
| 041 | 0 | _aeng | |
| 100 | 1 | _aGordon, Warren | |
| 245 | 0 | 0 |
_aCase news _bhitting the wall |
| 260 | _c2008 | ||
| 490 | 0 |
_aProperty Week _v73(2) 11 January 2007, 69(1) |
|
| 520 | _a[2007] EWHC 2776 (Admin). Building a wall within the curtilage (i.e. in the garden) of a listed building is not general permitted development and requires planning permission. Permission to build a garden wall by the owner of a grade II listed building on a World Heritage Site was successfully challenged. Initially permission was denied, but the owner subsequently obtained a certificate of lawfulness. This decision was challenged in court. Held: granting the certificate was unlawful and the building owner needed planning permission for the wall (case unreported). | ||
| 590 | _aKA | ||
| 650 | 2 | 4 | _aTOWN AND COUNTRY PLANNING ACT 1990 |
| 650 | 2 | 4 | _aTOWN AND COUNTRY PLANNING (GENERAL PERMITTED DEVELOPMENT) ORDER 1995 |
| 650 | 2 | 4 | _aJ SUMPTION AND ANOTHER V LONDON BOROUGH OF GREENWICH |
| 651 | 4 |
_aEngland and Wales _y1543- |
|
| 690 | _aENVIRONMENTAL AND LAND CONSULTANCY-PLANNING AND DEVELOPMENT-DEVELOPMENT CONTROL-PLANNING ENFORCEMENT | ||
| 690 | _aBUILT ENVIRONMENT-BUILDING TYPES-HISTORIC BUILDINGS AND ANCIENT MONUMENTS-LISTED BUILDINGS | ||
| 942 | _n0 | ||
| 999 |
_c79663 _d79663 |
||